Detalles MARC
| 000 -LIDER |
| fixed length control field |
03190cam a2200349 i 4500 |
| 001 - NÚMERO DE CONTROL |
| Identificador de número de control |
|
| 003 - IDENTIFICACDOR DE NÚMERO DE CONTROL |
| control field |
DO-SdBNP |
| 005 - DATE AND TIME OF LATEST TRANSACTION |
| control field |
20220325113409.0 |
| 008 - ELEMENTOS DE LONGITUD FIJA |
| fixed length control field |
150807s2014 dr ab b 000 0 spa c |
| 020 ## - ISBN |
| International Standard Book Number |
9789945891492 |
| 040 ## - FUENTE DE CATALOGACIÓN |
| Agencia que crea de manera original el registro |
BPMSU |
| Idioma de catalogación |
spa |
| Agencia que realiza la transcripción |
BPMSU |
| 082 ## - NÚMERO DE CLASIFICACIÓN DECIMAL DE DEWEY |
| Classification number |
704.0397293 |
| Item number |
Z53a |
| Edition number |
22 |
| 245 03 - MENCIÓN DE TITULO |
| Título |
El zemí de algodón taíno / |
| Mención de responsabilidad |
presentación Manuel García Arévalo ; traducción Rosario Flores Paz ; edición Jesús R. Navarro Zerpa. |
| 260 ## - PUBLICACIÓN, DISTRIBUCIÓN, ETC. (PIE DE IMPRENTA) |
| Lugar de publicación, distribución, etc |
Santo Domingo : |
| Nombre del editor, distribuidor, etc. |
Academia Dominicana de la Historia, |
| Fecha de publicación, distribución, etc |
2014 |
| 300 ## - DESCRIPCIÓN FÍSICA |
| Extensión |
225 p. : |
| Otros detalles físicos |
ils., retrs. |
| Dimensiones |
23 cm. |
| 490 0# - MENCIÓN DE SERIES |
| Mención de serie |
Academia Dominicana de la Historia ; |
| Volume/sequential designation |
122 |
| 500 ## - NOTA GENERAL |
| Nota general |
Incluye referecias bibliográficas y notas al pie de las páginas |
| 505 0# - NOTA DE CONTENIDO |
| Texto normalizado de contenido |
Descubrimiento de la actual localización del único zemí de algodón antillano aun existente / Bernardo Vega (1971-1972) -- Los taínos y su cemí / Annalena Guidi y M. Grazia Appendino (1973) -- El zemí de algodón del Museo de Turín / Melchiorre Masali y Gabriella Erica-Pia (1993) -- Escenas del pasado : TC multidetector de un ídolo cemí antillano / Maria Cristina Martina, MD, Federico Cesarani, MD, Rosa Boano, PHD, Emma Rabino Massa, MD, Claudio Carlo Venturi, MD, Giovanni Gandini, MD (1997) -- El cemí de algodón del Museo de Antropología y Etnografía de Turín : historia de su descubrimiento y descripción / Donatella Meaglia y Marilena Girotti (2001) -- El cemí de algodón y sus conexiones culturales con pueblos y culturas de Sudamérica : notas a partir de investigaciones arqueológicas y etnológicas / Gabriella Erica Pia (2001) -- "Dioses... decorados con la aguja del bordador" : los materiales, la confección y el significado de un relicario taíno de algodón / Joanna Ostapkowicz y Lee Newsom (2012) ; traducción de, Rosario Flores Paz -- Apéndices : el cemí de algodón en la prensa. "Al museo antropológico y etnográfico universitario el secreto del ídolo peruano" / U. D. (1940) ; Detective cultural / (Editorial) (1972) ; Redescubren zemí de cultura taína / Héctor Herrera (1972) ; De cómo y cuándo la nieve se convierte en algodón / Pedro Mir (1972) ; Suro califica al cemí de algodón como objeto de carácter mágico (1972) ; El zemí de algodón de Santo Domingo / M. Rivero de la Calle, Director del Museo Antropológico Montané, Escuela de Ciencias Biológicas, Universidad de La Habana (1973) ; A recuperar el zemí taíno de algodón / José Rafael Lantiagua (2013). |
| Información miscelánea |
|
| 546 ## - NOTA DE IDIOMA |
| Nota de idioma |
One essay translated from the English. |
| 590 ## - NOTA LOCAL |
| Enlace |
inventariado, 20121/VM |
| 650 #4 - ENCABEZAMIENTO DE MATERIA--TEMÁTICO |
| Término temático o nombre geográfico como elemento de entrada |
Arte taíno |
| Subdivisión geográfica |
Isla Hispaniola (Haití y República Dominicana ) |
| 650 #4 - ENCABEZAMIENTO DE MATERIA--TEMÁTICO |
| Término temático o nombre geográfico como elemento de entrada |
Mitología taína Indígenas de Isla Hispaniola (Haití y República Dominicana ) |
| 650 #4 - ENCABEZAMIENTO DE MATERIA--TEMÁTICO |
| Término temático o nombre geográfico como elemento de entrada |
Culto a los antepasados |
| Subdivisión geográfica |
Isla Hispaniola (Haití y República Dominicana ) |
| 651 #4 - ENCABEZAMIENTO DE MATERIA--NOMBRE GEOGRÁFICO |
| Nombre geográfico |
Isla Hispaniola (Haití y República Dominicana ) |
| Subdivisión temática general |
Historia |
| 700 1# - ASIENTO SECUNDARIO -- NOMBRE PERSONAL |
| Nombre personal |
García Arévalo, Manuel |
| Mención de responsabilidad |
presentación |
| 700 1# - ASIENTO SECUNDARIO -- NOMBRE PERSONAL |
| Nombre personal |
Flores Paz, Rosario |
| Mención de responsabilidad |
tr. |
| 700 1# - ASIENTO SECUNDARIO -- NOMBRE PERSONAL |
| Nombre personal |
Navarro Zerpa, Jesús R. |
| Mención de responsabilidad |
ed. |
| 710 2# - ASIENTO SECUNDARIO -- NOMBRE CORPORATIVO |
| Nombre corporativo o de jurisdicción |
Academia Dominicana de la Historia |
| 830 #0 - ASIENTO SECUNDARIO DE SERIE--TÍTULO UNIFORME |
| Título uniforme |
Academia Dominicana de la Historia ; |
| Volume number/sequential designation |
122. |
| 910 ## - VALIDACIÓN |
| Validación |
VMateo |
| 942 ## - ADDED ENTRY ELEMENTS (KOHA) |
| Source of classification or shelving scheme |
Dewey Decimal Classification |
| Koha item type |
Libros |